[Event "IECG CM.2006.0.00303 email"]
[Site "IECG email"]
[Date "2006.06.21"]
[Round "?"]
[White "Sander, Ingo"]
[Black "Bernal Varela, Nelson"]
[Result "1-0"]
[WhiteElo "2242"]
[BlackElo "2213"]
[PlyCount "49"]
[EventDate "2006.06.21"]
[EventType "tourn (corr)"]
[EventRounds "6"]
[SourceTitle "Corr 2011"]
[Source "ChessBase"]
[SourceDate "2010.08.31"]
[SourceVersion "1"]
[SourceVersionDate "2010.08.31"]
[SourceQuality "1"]

1. d4 Nf6 2. Nf3 e6 3. c4 b6 4. a3 Bb7 5. Nc3 d5 6. cxd5 Nxd5 7. Qc2 Nxc3 8. bxc3 Nd7 9. e4 c5 10. Bf4 cxd4 11. cxd4 Rc8 12. Qb3 Be7 13. Bd3 Nf6 14. Qb5+ Bc6 15. Qb1 0-0 16. 0-0 Qd7 17. Re1 Ba4 18. Bd2 h6 19. Qb2 b5 20. Ne5 Qb7 21. Re3 Nd7 22. Nxd7 Qxd7 23. Rg3 Bh4 24. Rh3 Be7 25. Re1 1-0

[Event "CFriend SH-2004-0-00017 email"]
[Site "Chessfriend.com"]
[Date "2004.01.28"]
[Round "1"]
[White "Glaubitz, Friedhelm"]
[Black "Sander, Ingo"]
[Result "1/2-1/2"]
[WhiteElo "2260"]
[BlackElo "2242"]
[PlyCount "77"]
[EventDate "2004.??.??"]
[EventType "tourn (corr)"]
[EventRounds "8"]
[SourceTitle "Corr 2008"]
[Source "ChessBase"]
[SourceDate "2008.06.24"]
[SourceVersion "1"]
[SourceVersionDate "2008.06.24"]
[SourceQuality "1"]

1. c4 e6 2. d4 Nf6 3. Nf3 b6 4. g3 Bb7 5. Bg2 Be7 6. 0-0 0-0 7. Nc3 Ne4 8. Qc2 Nxc3 9. Qxc3 c5 10. Rd1 d6 11. b3 Bf6 12. Bb2 Qe7 13. Qc2 Nc6 14. e4 e5 15. d5 Nd4 16. Bxd4 exd4 17. Qd3 Rae8 18. Re1 Bc8 19. b4 g6 20. a3 Bg7 21. b5 f5 22. exf5 Bxf5 23. Qd2 Qf6 24. Rxe8 Rxe8 25. Re1 Re7 26. Bf1 Bg4 27. Rxe7 Qxe7 28. Qe1 Kf8 29. Qd1 Qe4 30. Kg2 Bf5 31. h3 g5 32. Kg1 h6 33. Ne1 Qe7 34. g4 Bc8 35. Nd3 Kg8 36. a4 Bd7 37. Qe2 Qxe2 38. Bxe2 h5 39. f3 1/2-1/2